00746 2200277 4500001002100000005001700021008004100038020001800079035002400097082000800121090001500129100002100144245010900165250001000274260004000284300003000324650001300354700001300367700001900380850000900399985000600408986000900414999001500423999001500438999001500453YOGYA-0209000007277920090227093644.0 ind  a979-610-207-2 0010-020900000072779 a920 a920bKom S aKOMANDOKO, Gamal a125 pahlawan dan pejuang nusantaracPenyusun Gamal Komandoko;penyuntng Dedy GNR;ilustrator Hengky Irawan aCet.1 aYogyakartabPustaka Widyatamac2008 aviii,232 hlmbilusc23 cm aPahlawan aDedy GNR aIrawan, Hengky aBPAD a3 aheru a08P0000016 a08P0000017 a08P0000018